000
00201 a2200109 4500
020
_a
9780671023973
041
_a
eng
100
_a
Richards, Elizabeth
245
_a
Rescue
942
_c
BK
952
_7
1
999
_c
24777
_d
24777